Comparison of structural performance using Pakistan building building code practice vs response spectrum analysis derived from spectral acceleration values of Peshawar region/ (Record no. 232282)

000 -LEADER
fixed length control field 00793nam a22002057a 4500
003 - CONTROL NUMBER IDENTIFIER
control field Nust
005 - DATE AND TIME OF LATEST TRANSACTION
control field 20241212094107.0
008 - FIXED-LENGTH DATA ELEMENTS--GENERAL INFORMATION
fixed length control field 170216b xxu||||| |||| 00| 0 eng d
040 ## - CATALOGING SOURCE
Transcribing agency Nust-MCE
082 ## - DEWEY DECIMAL CLASSIFICATION NUMBER
Classification number 200
100 ## - MAIN ENTRY--PERSONAL NAME
Personal name Ahmad Syed Bilal
9 (RLIN) 127085
245 ## - TITLE STATEMENT
Title Comparison of structural performance using Pakistan building building code practice vs response spectrum analysis derived from spectral acceleration values of Peshawar region/
Statement of responsibility, etc. Syed Bilal Ahmad
260 ## - PUBLICATION, DISTRIBUTION, ETC.
Place of publication, distribution, etc. Risalpur
Name of publisher, distributor, etc. MCE
Date of publication, distribution, etc. 2015.
300 ## - PHYSICAL DESCRIPTION
Extent xii,105p.
526 ## - STUDY PROGRAM INFORMATION NOTE
Program name MS-Construction Engineering and Management
600 ## - SUBJECT ADDED ENTRY--PERSONAL NAME
General subdivision MS-Construction Engineering and Management
9 (RLIN) 126637
700 ## - ADDED ENTRY--PERSONAL NAME
Personal name Supervisor: Dr. Muhammad Maqbool Sadiq
856 ## - ELECTRONIC LOCATION AND ACCESS
Uniform Resource Identifier <a href="http://10.250.8.41:8080/xmlui/handle/123456789/11786">http://10.250.8.41:8080/xmlui/handle/123456789/11786</a>
942 ## - ADDED ENTRY ELEMENTS (KOHA)
Koha item type Soft Copy
Source of classification or shelving scheme
Holdings
Withdrawn status Lost status Source of classification or shelving scheme Damaged status Not for loan Permanent Location Current Location Shelving location Date acquired Total Checkouts Full call number Barcode Date last seen Price effective from Koha item type
          Central Library (CL) Central Library (CL) Thesis 10/01/2020   363.3 CL-T-6387 10/01/2020 10/01/2020 Book
© 2023 Central Library, National University of Sciences and Technology. All Rights Reserved.